UNITED Nations Educational Scientific and Cultural Organization, Office of Statistics. A statistical study of wastage at school a study prepared for the International Buronu of Education

Guardat en:
Dades bibliogràfiques
Autor principal: A statistical study of wastage at school
Format: Llibre
Idioma:anglès
Publicat: UNESCO 1972
Etiquetes: Afegir etiqueta
Sense etiquetes, Sigues el primer a etiquetar aquest registre!

MARC

LEADER 00000nam a22000007a 4500
008 201222b ||||| |||| 00| 0 eng d
100 |a A statistical study of wastage at school 
245 |a UNITED Nations Educational Scientific and Cultural Organization, Office of Statistics. A statistical study of wastage at school  |b a study prepared for the International Buronu of Education   |c  the UNESCO Office of Statistics 
260 |b UNESCO  |c  1972  |h  Paris  |i  120400  |l LC142 .Un3 
500 |a (Studies and surveys in comparative education). 
942 |a lcc  |c BK  |e ADEYEYE Y. S.  |f 22/12/2020 
952 |0 0  |1 0  |2 lcc  |4 0  |6 LC0142 U N3  |7 0  |9 1121  |a HOL  |b HOL  |d 2020-12-22  |l 0  |o LC142 .Un3  |p 2020-230328  |r 2020-12-22 00:00:00  |w 2020-12-22  |y BK 
999 |c 583  |d 583